000 00252nam a2200097Ia 4500
008 240331s9999 xx 000 0 und d
082 _bMOU
100 _aMounaguru, S
245 0 _aPerasiriyar Ediriweera Sarachchandravum eelathu nadaga marabum
942 _cL
999 _c3681
_d3681